| 000 | 01454nam a2200445 i 4500 | ||
|---|---|---|---|
| 001 | 43488 | ||
| 003 | KOSZ 005 | ||
| 005 | 20200716132605.0 | ||
| 008 | 030508s2003 pl a f f |000 0 pol | ||
| 015 | _aPB 2003/8317 | ||
| 020 | _a8387875198 | ||
| 040 |
_aWA N _cWA N _dKOSZ 005/HR |
||
| 041 | 0 | _apol | |
| 046 | _k2003 | ||
| 080 | _a613.2 | ||
| 080 | _a379.85 | ||
| 080 | _a(075.8) | ||
| 100 | 1 |
_aBabicz-Zielińska, Ewa _eAutor |
|
| 245 | 1 | 0 |
_aŻywienie i usługi żywieniowe w turystyce : _bprzewodnik do ćwiczeń / _cEwa Babicz-Zielińska, Rafał Nazarewicz, Agnieszka Rybowska. |
| 260 |
_aGdynia : _bWydaw. Akademii Morskej, _c2003. |
||
| 300 |
_a52 s. : _bil. ; _c25 cm. |
||
| 336 |
_2rdacontent _aTekst _btxt |
||
| 337 |
_2rdamedia _aBez urządzenia pośredniczącego _bn |
||
| 338 |
_2rdacarrier _aWolumin _bnc |
||
| 380 | _aKsiążki | ||
| 380 | _aPublikacje dydaktyczne | ||
| 385 |
_mPoziom nauczani _aSzkoły wyzsze |
||
| 388 | _a2001- | ||
| 504 | _aBibliogr. przy rozdz. | ||
| 650 | 4 | _aOdżywianie | |
| 650 | 4 | _aTurystyka | |
| 650 | 4 | _aUsługi | |
| 655 | 4 | _aPodręczniki akademickie | |
| 658 | _aGospodarka, ekonomia, finanse | ||
| 658 | _aMedycyna i zdrowie | ||
| 700 | 1 |
_aRybowska, Agnieszka _eAutor |
|
| 700 | 1 |
_aNazarewicz, Rafał _eAutor |
|
| 856 | 4 | 1 |
_uhttp://koha.tu.koszalin.pl/cgi-bin/koha/opac-detail.pl?biblionumber=43488 _yKatalog online BPK |
| 942 |
_2UKD _cKS |
||
| 999 |
_c43488 _d43488 |
||